| 000 | 00466cam a2200181ua 4500 | ||
|---|---|---|---|
| 020 | _c350.00 | ||
| 041 |
_aeng _h |
||
| 082 |
_a028.71624 _bDAY/HA |
||
| 100 | _aDayaratnam, P . | ||
| 245 |
_aHandbook on design and detailing of structures / _cP Dayaratnam. _hTextual Documents |
||
| 250 |
_a1 / _b. |
||
| 260 |
_aAllahabad : _bWheeler publishing , _c1996. |
||
| 300 | _a386 ; . | ||
| 365 | _a350.00 | ||
| 504 | _a | ||
| 942 | _cBK | ||
| 999 |
_c7117 _d7117 |
||